000 00858nas a2200265 4500
001 BR9212710
003 BR-BrBNA
005 20231205094751.0
007 ta
008 230509b bl.|||p| |||| 00| 00por d
040 _aBR-BrBNA
_bpor
_cBiblioteca Nacional de Agricultura
041 _a(Pt)
072 _aF30
100 1 _aMiranda, P.
100 1 _aCorreira, E. de B.
100 1 _aBrito, P.R.F. de
245 1 _aCapacidade produtiva das cultivares de caupi, Vigna unguiculata (L.)Walp.2 - producao de graos e estabilidade das cultivares da colecao
650 _aFeijao de Corda
650 _aGrao
650 _aVariedade
650 _aMelhoramento Vegetal
773 0 _tPesquisa Agropecuaria Pernambucana (Brazil)
_xISSN 0100-8501
_g(Jun 1979), v. 3(1) p. 61-70
_wBR9212710
909 _a202311
_bLúcia
_c55
_dLúcia Elande
942 _2AGRIS
_n0
_cANA
999 _c146714
_d146714